|
|
|
|
| LEADER |
00000cam a2200000 7i4500 |
| 001 |
0000003126 |
| 005 |
20230524.0 |
| 008 |
991202 mau eng |
| 020 |
|
|
|a 0669160857 (hbk)
|
| 040 |
|
|
|a INS
|
| 090 |
0 |
0 |
|a QA76.73
|b .F6991 1988
|
| 100 |
1 |
|
|a Ford, William
|
| 245 |
1 |
4 |
|a The MC68000 Assembly Language and Systems Programming
|c William Ford and William Topp
|
| 260 |
|
|
|a Lexington, Massachusetts :
|b D.C.Heath & Co. ,
|c 1988
|
| 300 |
|
|
|a xx, 521 p., Appendix p.A1-A269 ;
|c 24 cm.
|
| 500 |
|
|
|a Includes index
|
| 650 |
|
0 |
|a Assembler language (Computer program language)
|
| 700 |
1 |
|
|a Topp, William
|
| 999 |
|
|
|a 0000005030
|b BOOK
|c Open Shelf
|e Default branch
|